Rychlost psaní 1 až 100 - Statistics

General Stats
  • This quiz has been taken 21 times
  • The average score is 74 of 100
Answer Stats
# % Correct
1
100%
2
100%
3
100%
4
100%
5
100%
6
100%
7
100%
8
100%
9
100%
11
93%
12
93%
14
93%
15
93%
16
93%
17
93%
18
93%
19
93%
21
93%
22
93%
23
93%
24
93%
25
93%
26
93%
27
93%
28
93%
29
93%
31
93%
13
87%
20
87%
30
87%
32
87%
34
87%
35
87%
36
87%
37
87%
10
80%
33
80%
38
80%
39
80%
40
80%
41
80%
44
80%
42
73%
43
73%
45
73%
46
73%
47
73%
48
73%
49
73%
50
73%
51
73%
52
73%
53
73%
54
73%
55
73%
64
73%
66
73%
77
73%
56
67%
57
67%
58
67%
59
67%
60
67%
61
67%
62
67%
63
67%
65
67%
67
67%
68
67%
69
67%
70
67%
71
67%
72
67%
73
67%
74
67%
75
67%
76
67%
78
67%
79
67%
80
60%
81
60%
82
60%
83
60%
88
60%
84
53%
85
53%
86
53%
87
47%
89
47%
90
47%
91
47%
92
47%
93
47%
94
47%
99
47%
95
40%
96
40%
97
40%
98
40%
100
33%
No matching quizzes found
Score Distribution
Percent of People with Each Score
Percentile by Number Answered
Your Score History
You have not taken this quiz